zpět

Detail výsledku týmu

Knajpa Kvatro, Hlinsko

Datum a čas kvízu

30.5 Celkem bodů Celkový počet nahraných bodů na tomto kvízu bez doplňovacích otázek.
2. Pořadí na kvízu Konečné umístění týmu na tomto kvízu.

Zaznamenané odpovědi

# Otázka Odpověď Body Výsledky
1. Minulý týden bylo oznámeno, že... Intercamp 0
2. V ugandském národním parku Kib... šimpanz 1
3. Kterému rapperovi byl zakázán... Kanyemu Westovi 1
4. Kterému živočichovi, jenž pomá... A 1
5. Ze soboty na neděli se v Miami... Carlos Ulberg 0
6. Vaším prvním úkolem v dnešním... 1B 2D 3C 4A 0
7. Poznejte (parodii na) gangster... Někdo to rád horké (Some Like It Hot) 1
8. Bud Spencer a Terence Hill spo... v Itálii 1
9. Gangster, na kterého se ptáme,... Jabba Hutt 0
10. Uveďte jméno i příjmení postav... John Wick 0